=LDR 00000nam 2200000 4500 =001 INLIS000000000025230 =005 20200806074142 =035 ##$$a 0010-061300000025230 =008 200806################g##########0#ind## =041 ##$$a Ind =082 ##$$a 2X4. 392 =090 ##$$a 2X4, Gaj b =100 ##$$a Gadjahnata =245 1#$$a Beberapa aspek kesehatan pemikiran tentang kesehatan dan kelahiran dalam islam. /$c dc. K. H. O. Gadjahnata =260 ##$$a Jakarta :$b Media Sarana Islam,$c 1987 =300 ##$$a 182 hlm. ; $c 20 x 14 cm. =650 #4$$a Kesehatan =850 ##$$a NBPNMAT =084 ##$$a 2X4. 392 GAD b =990 ##$$a 00051728